Minecraft MOB fr - Statistiques

Statistiques générales
  • Ce quiz a été pris 419 fois
  • Le résultat moyen est 8 sur 15
Statistiques - réponses
Indice Nom du mob % Correct
Monstre de base agressif Zombie
92%
Se suicide creeper
91%
Archer squelette
91%
Boss de fin ender dragon
88%
Monte sur les murs araignee
87%
Boss wither
82%
Animal donnant des côtelettes Cochon
55%
Se dompte grâce à des os loup
49%
Animal tue pour son cuir Vache
49%
On l’es tue pour faire un lit mouton
44%
Ruche abeille
27%
Se dompte avec des poissons ocelot
13%
Si vous dormez vous ne les verrez jamais phantom
10%
Fusion d’un animal agressif un d’un pacif Cochon zombie
7%
On le tue pour invoquer un boss whiter squelette
3%
Aucun quiz correspondant
Distribution des résultats
% des personnes avec chaque résultat
Percentile par nombre de réponses
Votre historique - résultats
Vous n’avez pas pris ce quiz